| 000 | 00880nam a2200229 a 4500 | ||
|---|---|---|---|
| 001 | 000023631 | ||
| 005 | 20200930022349.0 | ||
| 008 | 101215s1946 ag abc r 000 0 spa d | ||
| 040 |
_aDO-SdBNP _bspa _cBNPHU |
||
| 041 | 1 | 7 |
_aspa _heng _2Código de idiomas MARC |
| 082 |
_annnn _bY54a |
||
| 100 | 1 |
_aYogananda, Paramahansa, _948697 |
|
| 240 | 1 | 0 |
_aAutobiography of a Yogi. _lEspañol. |
| 245 | 1 | 0 |
_aAutobiografía de un Yogui / _cParamahansa Yogananda ; traducción de J. M. Cuarón ; con un prefacio de W.Y. Evans-Wents. |
| 260 |
_aBuenos Aires : _bSiglo Veinte, _c1946. |
||
| 300 |
_a397 p. : _bil., retrs. mapas ; _c23 cm. |
||
| 504 | _aIncluye referencias bibliográficas y notas al pie de las páginas. | ||
| 534 |
_pTítulo original en inglés: _tAutobiography of a Yogi. |
||
| 700 | 1 |
_aCuarón, J. M., _etr. _948698 |
|
| 700 | 1 |
_aEvans-Wents, W. Y., _948699 |
|
| 049 | _aBNGR | ||
| 999 |
_c23127 _d23127 |
||